Регионална библиотека "Любен Каравелов" - Русе

Приказки (Запис номер 205057)

MARC детайли
000 -Лидер
Контролно поле с фиксирана дължина 01759nam a2200337 c 4500
003 - Код на организацията, давaща контролен номер
Контролно поле BLK
005 - Дата и час на последна редакция
Контролно поле 20241101153826.0
008 - Елементи от данни с фиксирана дължина
fixed length control field 180411b bul|||||r ||||||| ||bul||
010 ## - Наследен системен номер
LC control number KNG00214639000
020 ## - Международен стандартен номер на книга ISBN
Международен стандартен номер на книга ISBN 978-954-660-356-2
-- издат.: ПАН
040 ## - Източник на каталожния запис
Идентификатор на билиотеката - собственик на записа BLK
041 ## - Код за език
Код за езика на текст/звукозапис или на отделно заглавие Български
Код за езика КДБФ Български
072 #7 - Код за тематичната категория
Код организация bullib
Код за тематична категория Н85
Текст Детска художествена литература Н
080 ## - УДК
Текстов определител УДК Литература на отделни езици и езикови семейства
УДК код - определител по УДК 821
УДК определител -93-34
УДК - код + определител 821-93-34
139 ## - Редно поле
Редна дума Приказки
Авторски знак При - П 87
245 10 - Сведения за заглавието
Заглавие Приказки
Редно поле (дума) състав. Любомир Кирилов Русанов; ил. Христо Димитров Димитров.
257 ## - Страна на издаване
Страна на създаване/издаване България
260 ## - Област на издателските данни
-- София
Име на издателя, разпространителя и проч. ПАН
Година на издаване 2013
Печатница София : Образование и наука
300 ## - Физическа характеристика
Страници 48 с.
Илюстрации и др. с цв. ил.
Размери/Мащаб 29 см
380 ## - Жанр
Жанр Детска худож. лит.
500 ## - Общи забележки
Забележка Сведения за авт. отговорност отбелязани на гърба на загл. с. - Съдърж. : Червената шапчица. Спящата красавица. Феите / Шарл Перо. Принцесата върху граховото зърно. Дивите лебеди / Х. Кр. Андерсен. Златната гъска. Рибарят и златната рибка. Баба Хола / Братя Грим.
659 ## - Тематичен бюлетин
Тематичен бюлетин Н
700 1# - Други автори (авторска отговорност)
Лично име Русанов, Любомир Кирилов
9 (RLIN) 117434
700 1# - Други автори (авторска отговорност)
Лично име Димитров, Христо Димитров
Автороска отговорност (Описва отношението между автора и произведението) ил.
9 (RLIN) 374278
852 ## - Местоположение
Форматна сигнатура Цб ІІ 22123
856 4# - Електронен адрес и достъп
Електронен формат pdf - файл
Път до файла /url/
856 4# - Електронен адрес и достъп
Електронен формат pdf - файл
Път до файла /url/
942 ## - АРТИКУЛИ
Вид на библиотечния материал Книги
Скрит в OPAC Не
944 ## - СЪЗДАВАНЕ И РЕДАКЦИЯ на ЗАПИСА
Създаване/Редакция Създаване
Дата на регистрацията/редакция 24.11.2017
Служител, извършил регистрацията/редакцията 30560
Статус, дата на статуса Геновева Генчева
944 ## - СЪЗДАВАНЕ И РЕДАКЦИЯ на ЗАПИСА
Създаване/Редакция Редакция
Дата на регистрацията/редакция 30.01.2018
Служител, извършил регистрацията/редакцията Грета_Цуфелде
999 ## - СИСТЕМНИ КОНТРОЛНИ НОМЕРА
Koha biblionumber 205057
Koha biblioitemnumber 205057
Наличности
Код за отписване Код за изгубен артикул Код за повреда Коз за рестрикции Код за отдаване Артикулен № Име на библиотеката - собственик Име на библиотеката, в която се намира в момента Статус (Текущо местоположение) Дата на вписване в системата Местоположение - отдел Цена в лева Инвентарен номер Систематично азбучна сигнатура Баркод Номер на екземпляра Цена в евро Служебна бележка Служебен тип на артикула
  Не е изгубен Не е повреден без рестрикции ползва се в читалня 353205 Регионална библиотека "Любен Каравелов" Русе Регионална библиотека "Любен Каравелов" Русе Хранилище 2017-11-28 Хранилище 12.90 120000817405 Цб ІІ 22123 120000817405 1 6.60 Дост: Dp Вид: Д N: 44 Дата: 05.10.2017 Книги
Vip Innovations Ltd, Rousse, Bulgaria 2025